000 01621nam a2200289Ia 4500
999 _c49420
_d49420
001 16340
003 GE_BSU
005 20211008153710.0
008 181216s2001||||ge |||||||||||||| ||geo||
020 _aISBN 99928-861-7-X
040 _cGE_BSU
041 _ageo
080 _a343(479.22)(094.4)+343.7 წ–85
100 _aწულაია, ზაურ
_912304
245 _aსისხლის სამართალი კერძო ნაწილი ტ. 2 :
_bსაქართველოს ახალი სისხლის სამართლის კოდექსის მიხედვით /
_cზაურ წულაია ; რედ. მზია ლეკვეიშვილი, გოჩა მამულაიშვილი.
264 _aთბილისი :
_bინტელქტი,
_c2001.
300 _a371 გვ. ;
_c20 სმ
504 _aბიბლიოგრაფია ტექსტების შენიშვნებში და გვ. 367
541 _h18ლ.
653 _aსამართალი
653 _aსაქართველოს სისხლის სამართლის კოდექსი
653 _aეკონომიკური დანაშაული
653 _aდანაშაული საკუთრების წინააღმდეგ
700 _aლეკვეიშვილი, მზია
_eრედაქტორი
_912627
700 _aმამულაიშვილი, გოჩა
_eრედაქტორი
_97762
942 _cBK
_2udc